The cartch by cast net in takeo province, ការធ្វើនេសាទដោយសំណាញ់ក្នុងដែននេសាទខេត្តតាកែវ (Record no. 4388)
[ view plain ]
| 000 -LEADER | |
|---|---|
| fixed length control field | 00542nam a22001577a 4500 |
| 003 - CONTROL NUMBER IDENTIFIER | |
| control field | OSt |
| 005 - DATE AND TIME OF LATEST TRANSACTION | |
| control field | 20151211142104.0 |
| 008 - FIXED-LENGTH DATA ELEMENTS--GENERAL INFORMATION | |
| fixed length control field | 151211b xxu||||| |||| 00| 0 eng d |
| 040 ## - CATALOGING SOURCE | |
| Transcribing agency | RUA |
| 082 ## - DEWEY DECIMAL CLASSIFICATION NUMBER | |
| Classification number | ATM.s KIM 2004 B200 Or.1 |
| 100 ## - MAIN ENTRY--PERSONAL NAME | |
| 9 (RLIN) | 4707 |
| Personal name | KIM, SARITH. |
| 245 ## - TITLE STATEMENT | |
| Title | The cartch by cast net in takeo province, ការធ្វើនេសាទដោយសំណាញ់ក្នុងដែននេសាទខេត្តតាកែវ |
| 260 ## - PUBLICATION, DISTRIBUTION, ETC. (IMPRINT) | |
| Place of publication, distribution, etc. | Phnom Penh |
| Name of publisher, distributor, etc. | RUA |
| Date of publication, distribution, etc. | 2004 |
| 300 ## - PHYSICAL DESCRIPTION | |
| Extent | ix; 39p. |
| Other physical details | ill. |
| Dimensions | 29cm. |
| 942 ## - ADDED ENTRY ELEMENTS (KOHA) | |
| Source of classification or shelving scheme | |
| Koha item type | ATM.s |
| Price effective from | Date last seen | Permanent Location | Not for loan | Date acquired | Source of classification or shelving scheme | Koha item type | Lost status | Withdrawn status | Date last checked out | Total Checkouts | Shelving location | Damaged status | Barcode | Current Location | Full call number |
|---|---|---|---|---|---|---|---|---|---|---|---|---|---|---|---|
| 2015-12-11 | 2016-06-14 | Library Block B | 2015-12-11 | ATM.s | 2016-06-14 | 1 | B200 | RUA039230 | Library Block B | ATM.s KIM 2004 B200 Or.1 | |||||
| 2015-12-11 | 2015-12-11 | Library Block B | 2015-12-11 | ATM.s | B200 | RUA038707 | Library Block B | ATM.s KIM 2004 B200 Or.2 | |||||||
| 2015-12-11 | 2015-12-11 | Library Block B | 2015-12-11 | ATM.s | B200 | RUA038934 | Library Block B | ATM.s KIM 2004 B200 Or.3 | |||||||
| 2015-12-11 | 2015-12-11 | Library Block B | 2015-12-11 | ATM.s | B200 | RUA039184 | Library Block B | ATM.s KIM 2004 B200 Or.4 | |||||||
| 2015-12-11 | 2015-12-11 | Library Block B | 2015-12-11 | ATM.s | B200 | RUA037835 | Library Block B | ATM.s KIM 2004 B200 Or.5 | |||||||
| 2015-12-11 | 2015-12-11 | Library Block B | 2015-12-11 | ATM.s | B200 | RUA039242 | Library Block B | ATM.s KIM 2004 B200 Or.6 | |||||||
| 2015-12-11 | 2015-12-11 | Library Block B | 2015-12-11 | ATM.s | B200 | RUA039303 | Library Block B | ATM.s KIM 2004 B200 Or.7 | |||||||
| 2015-12-14 | 2015-12-14 | Library Block B | 2015-12-14 | ATM.s | B200 | RUA033810 | Library Block B | ATM.s KIM 2004 B200 Or.8 |